00593nam a22001695i 450000100060000000300090000600500170001500700030003200800410003504000200007610000310009624501360012726000660026330000330032970000390036285200220040148149ES-MaACL20230906161713.0t|950707s1869 fr ||||1| fre d aCAM bspa cCAM1 aChanning, Williams Ellery.10aOeuvres sociales de Channing / ctraduction francaise, précédé d'un essai sur sa vie et sa doctrine... par Edouard Laboulaye. aParis : bCharpentier et Cie, c1869 (fSimon Racon et Comp.) a[4], XLIV, 388 p. ; c18 cm.1 aLaboulaye, Édouard (d1811-1883) aES-MaACLjF-13308